000
00258 a2200121 4500
001
63475
082
_a
353.00947 COC
090
_c
37512
_d
37512
100
_a
Cockburn, A
245
_a
The Threat
_h
English
260
_b
PAF Book Club
300
_a
338p
942
_a
CAE NUST
_k
353.00947 COC
999
_c
298548
_d
298548